000 00856nam a2200277 a 4500
001 46690
003 BD-RjUL
005 20211209054206.0
008 016080s1961 ii l 001 0 eng
035 _a(BD-RjUL) 46809
035 _a(MH)MHAOL10751HU
040 _aBD-RjUL
_cMH
_dCStRLIN
_dDLC
_beng
041 _aeng
082 _223
_bMEH 1961
_a294.594
100 _aMenon C Unikanta
_9142329
110 1 _aIndia.
_9142340
245 1 4 _aThe Hindu Minority & Guardianship Act, 1956 (no. 32 of 1956) /
_cby L.S. Sastry.
260 _aAllahabad, India :
_bR.N. Lal,
_c1961.
300 _axviii , 289 p. ;
_c24 cm.
500 _aIncludes index.
650 0 _aChildren (Hindu law)
_9142331
650 0 _aGuardian and ward
_zIndia.
_9142049
700 1 _aSastri, L. S.
_q(L. Subrahmanya)
_9134402
942 _2ddc
_cBK
999 _c46690
_d46690